Movies Quiz

Random Movies Quiz
Score 0/33 Timer 10:00
0 Plays Today
Hint Answer % Correct
BaneThe Dark Knight Rises
91.3%
Eddie BrockVenom
83.3%
FarrierDunkirk
83.3%
EamesInception
82.6%
Title CharacterMad Max: Fury Road
79.7%
John FitzgeraldThe Revenant
78.3%
Title RoleBronson
76.8%
Ronald Kray/Reggie KrayLegend
75.4%
Tommy ConlonWarrior
60.9%
Title CharacterLocke
59.4%
TuckThis Means War
53.6%
Forrest BondurantLawless
52.2%
Handsome BobRocknRolla
50.7%
BobThe Drop
47.8%
Leo DemidovChild 44
47.8%
Ricki TarrTinker Tailor Soldier Spy
42%
TwomblyBlack Hawk Down
39.1%
Hint Answer % Correct
ShinzonStar Trek: Nemesis
39.1%
ClarkieLayer Cake
37.7%
MarkLondon Road
15.9%
TomDot the I
13%
ZackFlood
13%
RoddersSucker Punch
13%
RaumontMarie Antoinette
11.6%
TheoMinotaur
10.1%
MichaelsThick as Thieves
10.1%
StrawThe Reckoning
8.7%
Pascal DupontDeserter
7.2%
NoelScenes of a Sexual Nature
7.2%
Pierre JacksonThe Killing Gene
5.8%
MattLD 50 Lethal Dose
4.3%
HenryEMR
4.3%
DadThe Inheritance
4.3%
Come Together.
Have Fun.
All Virtual.
We all need to come together. Play Sporcle's virtual live trivia to have fun, connect with people, and get your trivia on. Join a live hosted trivia game for your favorite pub trivia experience done virtually. If a virtual private party is more your thing, go here for details.

You're not logged in!

Compare scores with friends on all Sporcle quizzes.
OR
Log In

Sporcle TV

Today on Sporcle TV


Watch our educational content, quiz creation guides, and fun videos on Sporcle TV.

Show Comments

Extras

Created Jan 21, 2016ReportNominate
Tags:Hardy, tom

Top Quizzes Today


Score Distribution

Paid Content

Your Account Isn't Verified!

In order to create a playlist on Sporcle, you need to verify the email address you used during registration. Go to your Sporcle Settings to finish the process.

Report this User

Report this user for behavior that violates our Community Guidelines.

Details: